[Event "Titled Tuesday intern op 13th Aug Early"]
[Site "Chess.com INT"]
[Date "2024.08.13"]
[Round "10"]
[White "Le, Tuan Minh"]
[Black "Aarav, Dengla"]
[Result "1-0"]
[WhiteElo "2564"]
[BlackElo "2390"]
[PlyCount "29"]
[EventDate "2024.08.13"]
[EventType "swiss (blitz)"]
[EventRounds "11"]
[EventCountry "USA"]
[SourceTitle "EXT 2025"]
[Source "ChessBase"]
[SourceDate "2024.10.14"]
[SourceVersion "1"]
[SourceVersionDate "2024.10.14"]
[SourceQuality "1"]

1. d4 d5 2. Nf3 e6 3. Bf4 Nf6 4. e3 c5 5. c3 Bd6 6. Nbd2 Qc7 7. Bxd6 Qxd6 8. Ne5 Nbd7 9. f4 a6 10. Bd3 b5 11. 0-0 b4 12. Ndf3 Rb8 13. Ng5 0-0 14. Qc2 h6 15. Bh7+ 1-0